Alle Parteien im Bundestag (Januar 2024) - Statistiken

Allgemein
  • Dieses Quiz wurde 1.142 mal gespielt
  • Das Durchschnittsergebnis liegt bei 8 aus 9
Antwortstatistiken
Hint Antwort % Korrekt
79 Sitze AfD
99%
152 Sitze CDU
99%
118 Sitze Grüne
99%
207 Sitze SPD
98%
91 Sitze FDP
97%
28 Sitze Linke
96%
45 Sitze CSU
79%
10 Sitze BSW
61%
1 Sitz SSW
33%
Keine übereinstimmenden Quizze gefunden
Verteilung der Resultate
Anzahl Personen mit jedem Resultat
Perzentil nach korrekt beantworteten Fragen
Ihre Resultats-Entwicklung
Sie haben dieses Quiz noch nicht gespielt